Seven Letters: Middle I Quiz Stats

 Plays Quiz not verified by Sporcle

Challenge
Share
Tweet
Embed
Score 0/26 Timer 05:00
0 Plays Today
Hint Answer % Correct
5th planet from the sunJupiter
95.8%
Largest ocean in the worldPacific
95.2%
Global pizza restaurant chainDomino's
91%
Cutting or gnawing toothIncisor
90.4%
Meat from a deerVenison
90.4%
Italian astronomer (1564-1642)Galileo
88%
South American countryBolivia
87.3%
Belonging to times long pastAncient
84.9%
Gigi, Wicked or Les MisérablesMusical
83.1%
Eager to find out about somethingCurious
82.5%
Diagrams representing 12 constellations Zodiacs
82.5%
Goods carried by a large vehicleFreight
79.5%
African countryNamibia
77.1%
Hint Answer % Correct
20th letter of the Greek alphabetUpsilon
69.9%
Abundant element in the Earth's crustSilicon
68.1%
Number relating to order or rankOrdinal
65.1%
Spiny egg-laying mammalEchidna
60.8%
Box for keeping cigars inHumidor
59%
Fundamentalist Islamic militiaTaliban
57.8%
The most cautious (person)Wariest
55.4%
Caesar crossed it in 49 BCRubicon
54.8%
Dictionary, esp. Greek, Latin, or HebrewLexicon
47.6%
Drew back (with fear or pain)Quailed
33.7%
Russian river in SiberiaYenisei
16.3%
Small Jewish dumplingKneidel
10.2%
Pertaining to xylic acidXylidic
5.4%

You're not logged in!

Compare scores with friends on all Sporcle quizzes.
Join for Free
OR
Log In

You Might Also Like...

Show Comments

Extras

Top Quizzes Today


Score Distribution

Your Account Isn't Verified!

In order to create a playlist on Sporcle, you need to verify the email address you used during registration. Go to your Sporcle Settings to finish the process.

Report this User

Report this user for behavior that violates our Community Guidelines.

Details: